Proizvodstvennyje zapasy predprijatija: učet, ocenka, kontrol'.
Nové prístupy k metodike finančnej kontroly oceňovania a pohybu výrobných zásob podniku. Nová účtovná osnova platná od r. 1992 a evidencia zásob. Spôsoby vedenia bežnej evidencie pohybu výrobných zásob. Evidencia a kontrola dodávok materiálu a zúčtovacie vzťahy s dodávateľmi. Kontrola spotreby mater...
Salvato in:
| Autore principale: | |
|---|---|
| Natura: | Capitolo di libro |
| Lingua: | russo |
| Soggetti: | |
| Tags: |
Nessun Tag, puoi essere il primo ad aggiungerne!!
|
MARC
| LEADER | 00000naa a2200000 4500 | ||
|---|---|---|---|
| 001 | r012457 | ||
| 005 | 20221208122625.2 | ||
| 041 | 0 | |a rus | |
| 044 | |a RU | ||
| 245 | 1 | 0 | |a Proizvodstvennyje zapasy predprijatija: učet, ocenka, kontrol'. |c I.A. Belobžeckij |
| 520 | |a Nové prístupy k metodike finančnej kontroly oceňovania a pohybu výrobných zásob podniku. Nová účtovná osnova platná od r. 1992 a evidencia zásob. Spôsoby vedenia bežnej evidencie pohybu výrobných zásob. Evidencia a kontrola dodávok materiálu a zúčtovacie vzťahy s dodávateľmi. Kontrola spotreby materiálu. Inventarizácia výrobných zásob. | ||
| 610 | 2 | 0 | |a zásoby výrobné |
| 610 | 2 | 0 | |a evidencia skladová |
| 610 | 2 | 0 | |a oceňovanie |
| 610 | 2 | 0 | |a kontrola vnútropodniková |
| 610 | 2 | 0 | |a osnova účtová |
| 610 | 2 | 0 | |a metodika |
| 100 | 1 | |a Belobžeckij, I.A. | |